| 000 | 00423nam a2200169Ia 4500 | ||
|---|---|---|---|
| 008 | 131103s9999 xx 000 0 und d | ||
| 020 | _a601073363 | ||
| 040 | _aLoreto College | ||
| 041 | _aEnglish | ||
| 082 |
_aF/GIR _bLCBED/5727 |
||
| 245 | _aGirl's adventure stories of long ago | ||
| 260 |
_aLondon _bHamlyn _c1974 |
||
| 300 |
_a359p. _c 23cm. |
||
| 650 | _aEnglish Fiction | ||
| 850 | _aLCBED/F/GIR | ||
| 942 | _cBK | ||
| 999 |
_c32838 _d83317 |
||